[Event "BEL-ch U18"]
[Site "Blankenberge"]
[Date "2014.04.16"]
[Round "6"]
[White "Henrotte, Corenthin"]
[Black "Van Hille, Reinout"]
[Result "1/2-1/2"]
[WhiteElo "1676"]
[BlackElo "1859"]
[PlyCount "50"]
[EventDate "2014.04.??"]
[EventType "swiss"]
[EventRounds "9"]
[EventCountry "BEL"]
[SourceTitle "EXT 2015"]
[Source "ChessBase"]
[SourceDate "2014.11.20"]
[SourceVersion "1"]
[SourceVersionDate "2014.11.20"]
[SourceQuality "1"]

1. e4 e6 2. d4 d5 3. Nc3 Bb4 4. e5 c5 5. Bd2 Ne7 6. Nb5 Bxd2+ 7. Qxd2 cxd4 8. f4 0-0 9. Nf3 Nbc6 10. Bd3 f6 11. 0-0 fxe5 12. fxe5 Nf5 13. Bxf5 Rxf5 14. Nfxd4 Rxe5 15. Qf4 Qf6 16. Qxf6 gxf6 17. Rxf6 Nxd4 18. Nxd4 Bd7 19. Raf1 Re4 20. c3 e5 21. Rd6 exd4 22. Rxd7 dxc3 23. bxc3 Re2 24. Rf2 Re1+ 25. Rf1 Re2 1/2-1/2

[Event "BEL-ch U18"]
[Site "Blankenberge"]
[Date "2014.04.14"]
[Round "3"]
[White "Wuytens, Robin"]
[Black "Van Hille, Reinout"]
[Result "1-0"]
[WhiteElo "1653"]
[BlackElo "1859"]
[PlyCount "87"]
[EventDate "2014.04.??"]
[EventType "swiss"]
[EventRounds "9"]
[EventCountry "BEL"]
[SourceTitle "EXT 2015"]
[Source "ChessBase"]
[SourceDate "2014.11.20"]
[SourceVersion "1"]
[SourceVersionDate "2014.11.20"]
[SourceQuality "1"]

1. e4 e6 2. d4 d5 3. Nc3 Bb4 4. exd5 exd5 5. Bd3 Nf6 6. f3 Be6 7. Nge2 0-0 8. 0-0 c5 9. dxc5 Bxc5+ 10. Kh1 Nc6 11. Bg5 Ne5 12. Nf4 Ng6 13. Nxe6 fxe6 14. Bxg6 hxg6 15. Re1 Qd7 16. Qd3 Qf7 17. Qe2 Rfe8 18. Qe5 Rad8 19. Qg3 Bd6 20. Qh4 e5 21. Rad1 Bb8 22. Ne2 Rc8 23. c3 Rc4 24. Qh3 a6 25. Rd2 b5 26. Red1 Rd8 27. b3 Rc6 28. Qh4 Bc7 29. Rd3 Rc5 30. Ng3 Re8 31. Bxf6 gxf6 32. b4 Rc4 33. Qh3 d4 34. Ne4 Kg7 35. f4 Rd8 36. Nc5 Rd6 37. fxe5 fxe5 38. Rf3 Qe7 39. Ne4 Rd8 40. Rdf1 dxc3 41. Ng5 Kg8 42. Rf8+ Rxf8 43. Rxf8+ Kxf8 44. Qh8# 1-0

[Event "Vlissingen HZ op 17th"]
[Site "Vlissingen"]
[Date "2013.08.03"]
[Round "1"]
[White "Bosboom, Manuel"]
[Black "Van Hille, Reinout"]
[Result "1-0"]
[WhiteElo "2396"]
[BlackElo "1872"]
[PlyCount "49"]
[EventDate "2013.08.03"]
[EventType "swiss"]
[EventRounds "9"]
[EventCountry "NED"]
[SourceTitle "CBM 155 Extra"]
[Source "ChessBase"]
[SourceDate "2013.08.26"]
[SourceVersion "1"]
[SourceVersionDate "2013.08.26"]
[SourceQuality "1"]

1. b4 e5 2. Bb2 Bxb4 3. f4 exf4 4. Bxg7 Qh4+ 5. g3 fxg3 6. Bg2 gxh2+ 7. Kf1 hxg1Q+ 8. Kxg1 Qg5 9. Bxh8 Nf6 10. Bxf6 Qxf6 11. c3 Nc6 12. d4 Bd6 13. Qd3 Bf4 14. Nd2 d5 15. e4 Ne7 16. Rxh7 Bd7 17. e5 Qg5 18. Rh8+ Ng8 19. Nf3 Qg4 20. Rf1 0-0-0 21. Nh2 Qg5 22. Qf3 Be3+ 23. Kh1 Bb5 24. Bh3+ Kb8 25. Re1 1-0

[Event "Creon op 17th"]
[Site "Creon"]
[Date "2012.08.04"]
[Round "8"]
[White "Le Bail, Clara"]
[Black "Van Hille, Reinout"]
[Result "1-0"]
[WhiteElo "1999"]
[BlackElo "1824"]
[PlyCount "45"]
[EventDate "2012.07.30"]
[EventType "swiss"]
[EventRounds "9"]
[EventCountry "FRA"]
[SourceTitle "CBM 149 Extra"]
[Source "ChessBase"]
[SourceDate "2012.08.24"]
[SourceVersion "1"]
[SourceVersionDate "2012.08.24"]
[SourceQuality "1"]

1. e4 e6 2. d4 d5 3. exd5 exd5 4. Nf3 Bd6 5. c4 Nf6 6. Bd3 Bg4 7. 0-0 0-0 8. Bg5 c6 9. Nc3 dxc4 10. Bxc4 Nbd7 11. Re1 Qc7 12. h3 Bf5 13. Nh4 Bg6 14. Nxg6 hxg6 15. Qf3 Rfe8 16. Ne4 Nxe4 17. Rxe4 Rxe4 18. Qxe4 Nf6 19. Qxg6 Nd5 20. Qe4 Nb6 21. Bb3 Qb8 22. Re1 Nd7 23. Qg4 1-0

[Event "BEL-ch op"]
[Site "Lommel"]
[Date "2012.07.06"]
[Round "7"]
[White "Van Hille, Reinout"]
[Black "Gorts, Sven"]
[Result "1-0"]
[WhiteElo "1824"]
[BlackElo "1934"]
[PlyCount "81"]
[EventDate "2012.06.30"]
[EventType "swiss"]
[EventRounds "9"]
[EventCountry "BEL"]
[SourceTitle "EXT 2013"]
[Source "ChessBase"]
[SourceDate "2012.11.22"]
[SourceVersion "1"]
[SourceVersionDate "2012.11.22"]
[SourceQuality "1"]

1. e4 d5 2. exd5 Nf6 3. Nc3 Nxd5 4. Nxd5 Qxd5 5. Nf3 Nc6 6. d4 Bg4 7. Be2 e6 8. Bf4 Bd6 9. Bxd6 cxd6 10. 0-0 0-0 11. c4 Qa5 12. a3 Qb6 13. b4 Bxf3 14. Bxf3 Nxd4 15. Bxb7 Rab8 16. Be4 f5 17. Bd3 e5 18. Rc1 Rbc8 19. Bb1 g6 20. Kh1 f4 21. Be4 Kh8 22. Rc3 Rc7 23. Qg4 Rcf7 24. Rh3 Kg7 25. Qh4 Nf5 26. Bxf5 Rxf5 27. Qxh7+ Kf6 28. Rh6 Rg5 29. h4 Rg4 30. h5 Rf7 31. Rxg6+ Rxg6 32. Qxg6+ Ke7 33. Rd1 Qc7 34. Kg1 f3 35. g3 Qd7 36. c5 d5 37. Qg5+ Rf6 38. Qg7+ Rf7 39. Qxe5+ Kf8 40. Qh8+ Ke7 41. Re1+ 1-0

[Event "BEL-ch U16"]
[Site "Houffalize"]
[Date "2011.04.22"]
[Round "8"]
[White "Verhelst, Joris"]
[Black "Van Hille, Reinout"]
[Result "1-0"]
[WhiteElo "1811"]
[BlackElo "1739"]
[PlyCount "47"]
[EventDate "2011.04.17"]
[EventType "swiss"]
[EventRounds "9"]
[EventCountry "BEL"]
[SourceTitle "EXT 2012"]
[Source "ChessBase"]
[SourceDate "2011.11.24"]
[SourceVersion "1"]
[SourceVersionDate "2011.11.24"]
[SourceQuality "1"]

1. c4 e5 2. Nc3 Nc6 3. g3 f5 4. Bg2 Nf6 5. a3 Bc5 6. e3 0-0 7. Nge2 Kh8 8. b4 Be7 9. 0-0 d6 10. d4 e4 11. Nf4 Qe8 12. Ncd5 Bd8 13. Nxf6 Rxf6 14. f3 exf3 15. Qxf3 Qg8 16. Nd5 Rf8 17. Bb2 Ne7 18. Nxe7 Bxe7 19. d5 Bd7 20. e4 Rae8 21. Qd3 Bg5 22. exf5 Re3 23. Qc2 Rfe8 24. f6 1-0

[Event "BEL-ch U14"]
[Site "Houffalize"]
[Date "2009.04.14"]
[Round "3"]
[White "Saligo, Pieter"]
[Black "Van Hille, Reinout"]
[Result "1-0"]
[WhiteElo "1796"]
[BlackElo "1378"]
[PlyCount "33"]
[EventDate "2009.04.13"]
[EventType "swiss"]
[EventRounds "9"]
[EventCountry "BEL"]
[SourceTitle "EXT 2012"]
[Source "ChessBase"]
[SourceDate "2011.11.24"]
[SourceVersion "1"]
[SourceVersionDate "2011.11.24"]
[SourceQuality "1"]

1. d4 Nf6 2. c4 e6 3. Nf3 d5 4. Nc3 Nc6 5. e3 Be7 6. Bd2 0-0 7. a3 Bd7 8. Bd3 a6 9. 0-0 Na7 10. c5 Nc8 11. Re1 b6 12. b4 Re8 13. Ne5 c6 14. f4 Bf8 15. Kh1 Ne7 16. g4 Kh8 17. Nxf7+ 1-0